Crowns of Europe - Statistics

General Stats
  • This quiz has been taken 145 times
  • The average score is 9 of 23
Answer Stats
Picture Answer % Correct
United Kingdom
85%
Russia
76%
Vatican
65%
Austria
57%
Hungary
57%
Holy Roman Empire
54%
Spain
47%
Italy
45%
Bohemia
41%
Yugoslavia/Serbia
39%
Albania
37%
Denmark
34%
Napoleonic France
34%
Sweden
33%
Portugal
32%
Netherlands
31%
Norway
27%
Scotland
24%
Romania
20%
Bavaria
18%
Prussia
18%
Liechtenstein
14%
Württemberg
12%
No matching quizzes found
Score Distribution
Percent of People with Each Score
Percentile by Number Answered
Your Score History
You have not taken this quiz